| 000 | 00696nam a22002297a 4500 | ||
|---|---|---|---|
| 999 |
_c865 _d865 |
||
| 001 | 865 | ||
| 003 | BD-JhCC | ||
| 005 | 20171010202404.0 | ||
| 008 | 171010s2010 bg ao||| |||| 000 0 ben d | ||
| 020 | _a9847029700370 | ||
| 035 | _a(BD-JhCC)865 | ||
| 040 |
_aBD-JhCC _dBD-JhCC |
||
| 041 | _aben | ||
| 082 |
_a891.443 _bMAM 2010 |
||
| 100 | _aমামুন, মুনতাসীর | ||
| 245 |
_aকিশোর সমগ্র ৪ / _bমুনতাসীর মামুন |
||
| 260 |
_aঢাকা: _bসুবর্ণ , _c২০১০. |
||
| 300 |
_a২০৬ পৃ. : _b ill. ; _c২২ সেমি. |
||
| 650 | _aBegali Novel | ||
| 942 |
_2ddc _cBK |
||